7. Ulusal Bölge Bilimi Bölge Planlama Kongresi / (Kayıt no. 10259)
[ düz görünüm ]
| 000 -BAŞLIK | |
|---|---|
| Sabit Uzunluktaki Kontrol Alanı | 00738nam a22001937a 4500 |
| 003 - KONTROL NUMARASI KİMLİĞİ | |
| Kontrol Alanı | KOHA_MİRAKIL |
| 005 - EN SON İŞLEM TARİHİ ve ZAMANI | |
| Kontrol Alanı | 20260415100455.0 |
| 008 - SABİT UZUNLUKTAKİ VERİ ÖGELERİ - GENEL BİLGİ | |
| Sabit Alan | 260415b tu ||||| |||| 00| 0 tur d |
| 040 ## - KATALOGLAMA KAYNAĞI | |
| Özgün Kataloglama Kurumu | TR-AnABB |
| Kataloglama Dili | tur |
| Çeviri Kurumu | TR-AnABB |
| 041 ## - DİL KODU | |
| Metin ya da ses kaydının dil kodu | tur |
| 082 ## - DEWEY ONU SINIFLAMA SİSTEMİ | |
| Sınıflama Numarası | 307.12 |
| Cutter numarası | ULU 1997 1.K. |
| 111 2# - TOPLANTI ADI | |
| Toplantı Adı | Ulusal Bölge Bilimi Bölge Planlama Kongeresi |
| Toplantı Numarası | (7.: |
| Toplantı Tarihi | 1997: |
| Toplantı Yeri | İzmir) |
| 245 10 - ESER ADI BİLDİRİMİ | |
| Başlık | 7. Ulusal Bölge Bilimi Bölge Planlama Kongresi / |
| Sorumluluk Bildirimi | Dokuz Eylül Üniversitesi |
| 260 ## - YAYIN, DAĞITIM, VB. | |
| Yayın Yeri | İzmir : |
| Yayınevi | Dokuz Eylül Üniversitesi, |
| Yayın Tarihi | 1997 |
| 300 ## - FİZİKSEL TANIMLAMA | |
| Sayfa, Cilt vb. | 305 sayfa ; |
| Boyutları | 24 cm |
| 500 ## - GENEL NOT | |
| Genel Not | Kitap içerisinde Prof. Dr. Ruşen Keleş'in Bölge Gerçeği ve Avrupa adlı bildirisi yer almaktadır. (193-199) |
| 650 04 - KONU BAŞLIĞI EK GİRİŞ - KONU TERİMİ | |
| Konusal terim veya coğrafi ad | Bölge planlama |
| 942 ## - EK GİRİŞ ÖGELERİ (KOHA) | |
| Sınıflama Kaynağı | Dewey Decimal Classification |
| Materyal Türü | Kitap |
| 900 ## - YEREL BİLGİ | |
| Kontrol | Can ÇELIK |
| 111 2# - TOPLANTI ADI | |
| -- | 3465 |
| Geri Çekilme Durumu | Kayıp Durumu | Sınıflandırma Kaynağı | Kredi için değil | Kalıcı Konum | Mevcut Konum | Kayıt Tarih | Toplam Ödünçverme | Yer Numarası | Demirbaş Numarası | Son Görülme Tarihi | Fatura Tarihi | Materyal Türü |
|---|---|---|---|---|---|---|---|---|---|---|---|---|
| Dewey Decimal Classification | Prof. Dr. Ruşen Keleş Kütüphanesi | Prof. Dr. Ruşen Keleş Kütüphanesi | 15/04/2026 | 307.12 ULU 1997 1.K. | RK7108 | 15/04/2026 | 15/04/2026 | Kitap |
